| 000 | 00521nam a2200157 a 4500 | ||
|---|---|---|---|
| 001 | 000046141 | ||
| 005 | 20201002052650.0 | ||
| 008 | 150626s1998 dr c 000 0 spa d | ||
| 040 |
_aDO-SdBNP _bspa _cBNPHU |
||
| 082 |
_axxxxxxxxx _bxxxxxxxxx |
||
| 100 | 1 |
_aDíaz, Polibio _958778 |
|
| 245 | 1 | 0 |
_auna isla, un paisaje, une ile, un paysage, an island, a landscape / _cPolibio Díaz ; Raul-Jean Moulin. |
| 260 |
_aSanto Domingo : _bSerigraf, _c1998. |
||
| 300 |
_a148 p. : _bfot. ; _c28 cm. |
||
| 700 | 1 |
_aMouli, Raul-Jean _974194 |
|
| 999 |
_c45630 _d45630 |
||